<?xml version="1.0" encoding="UTF-8"?>
<record
    xmlns:xsi="http://www.w3.org/2001/XMLSchema-instance"
    xsi:schemaLocation="http://www.loc.gov/MARC21/slim http://www.loc.gov/standards/marcxml/schema/MARC21slim.xsd"
    xmlns="http://www.loc.gov/MARC21/slim">

  <leader>00404nam a2200145Ia 4500</leader>
  <controlfield tag="008">150201s2012    xx            000 0 und d</controlfield>
  <datafield tag="082" ind1=" " ind2=" ">
    <subfield code="a">617.601</subfield>
    <subfield code="b">P2012M</subfield>
  </datafield>
  <datafield tag="100" ind1=" " ind2=" ">
    <subfield code="a">MARYA,CM</subfield>
  </datafield>
  <datafield tag="245" ind1=" " ind2="2">
    <subfield code="a">A PRACTICAL MANUAL OF PUBLIC HEALTH DENTISTRY</subfield>
  </datafield>
  <datafield tag="250" ind1=" " ind2=" ">
    <subfield code="a">1ST</subfield>
  </datafield>
  <datafield tag="260" ind1=" " ind2=" ">
    <subfield code="b">JAYPEE MEDICAL PUBLISHER</subfield>
    <subfield code="a">NEW DELHI</subfield>
    <subfield code="c">2012</subfield>
  </datafield>
  <datafield tag="300" ind1=" " ind2=" ">
    <subfield code="a">1-248</subfield>
  </datafield>
  <datafield tag="650" ind1=" " ind2=" ">
    <subfield code="a">PREVENTIVE AND COMMUNITY DENTISTRY</subfield>
  </datafield>
  <datafield tag="942" ind1=" " ind2=" ">
    <subfield code="2">ddc</subfield>
    <subfield code="c">BK</subfield>
    <subfield code="0">40</subfield>
  </datafield>
  <datafield tag="952" ind1=" " ind2=" ">
    <subfield code="0">0</subfield>
    <subfield code="1">0</subfield>
    <subfield code="2">ddc</subfield>
    <subfield code="4">0</subfield>
    <subfield code="7">0</subfield>
    <subfield code="a">FD</subfield>
    <subfield code="b">FD</subfield>
    <subfield code="d">2013-01-24</subfield>
    <subfield code="e">AHUJA BOOK .CO.NEW DELHI</subfield>
    <subfield code="g">395.00</subfield>
    <subfield code="h">1</subfield>
    <subfield code="i">SGTU</subfield>
    <subfield code="l">57</subfield>
    <subfield code="o">617.601 P2012M</subfield>
    <subfield code="p">FD6833</subfield>
    <subfield code="q">2026-06-08</subfield>
    <subfield code="r">2026-05-25 16:09:18</subfield>
    <subfield code="s">2026-05-25</subfield>
    <subfield code="w">2013-08-17</subfield>
    <subfield code="y">BK</subfield>
    <subfield code="k">3108</subfield>
  </datafield>
  <datafield tag="952" ind1=" " ind2=" ">
    <subfield code="0">0</subfield>
    <subfield code="1">0</subfield>
    <subfield code="2">ddc</subfield>
    <subfield code="4">0</subfield>
    <subfield code="7">0</subfield>
    <subfield code="a">FD</subfield>
    <subfield code="b">FD</subfield>
    <subfield code="d">2013-01-24</subfield>
    <subfield code="e">AHUJA BOOK .CO.NEW DELHI</subfield>
    <subfield code="g">395.00</subfield>
    <subfield code="h">1</subfield>
    <subfield code="i">SGTU</subfield>
    <subfield code="l">47</subfield>
    <subfield code="o">617.601 P2012M</subfield>
    <subfield code="p">FD6834</subfield>
    <subfield code="r">2026-05-26 15:48:09</subfield>
    <subfield code="s">2026-05-25</subfield>
    <subfield code="w">2013-08-17</subfield>
    <subfield code="y">BK</subfield>
    <subfield code="k">3108</subfield>
  </datafield>
  <datafield tag="952" ind1=" " ind2=" ">
    <subfield code="0">0</subfield>
    <subfield code="1">0</subfield>
    <subfield code="2">ddc</subfield>
    <subfield code="4">0</subfield>
    <subfield code="7">0</subfield>
    <subfield code="a">FD</subfield>
    <subfield code="b">FD</subfield>
    <subfield code="d">2013-01-24</subfield>
    <subfield code="e">AHUJA BOOK .CO.NEW DELHI</subfield>
    <subfield code="g">395.00</subfield>
    <subfield code="h">1</subfield>
    <subfield code="i">SGTU</subfield>
    <subfield code="l">13</subfield>
    <subfield code="o">617.601 P2012M</subfield>
    <subfield code="p">FD6835</subfield>
    <subfield code="r">2026-05-26 15:48:19</subfield>
    <subfield code="s">2026-05-25</subfield>
    <subfield code="w">2013-08-17</subfield>
    <subfield code="y">BK</subfield>
    <subfield code="k">3108</subfield>
  </datafield>
  <datafield tag="952" ind1=" " ind2=" ">
    <subfield code="0">0</subfield>
    <subfield code="1">0</subfield>
    <subfield code="2">ddc</subfield>
    <subfield code="4">0</subfield>
    <subfield code="7">0</subfield>
    <subfield code="a">FD</subfield>
    <subfield code="b">FD</subfield>
    <subfield code="d">2013-01-24</subfield>
    <subfield code="e">AHUJA BOOK .CO.NEW DELHI</subfield>
    <subfield code="g">395.00</subfield>
    <subfield code="h">1</subfield>
    <subfield code="i">SGTU</subfield>
    <subfield code="l">79</subfield>
    <subfield code="o">617.601 P2012M</subfield>
    <subfield code="p">FD6836</subfield>
    <subfield code="r">2026-05-25 15:48:25</subfield>
    <subfield code="s">2026-05-25</subfield>
    <subfield code="w">2013-08-17</subfield>
    <subfield code="y">BK</subfield>
    <subfield code="k">3108</subfield>
  </datafield>
  <datafield tag="952" ind1=" " ind2=" ">
    <subfield code="0">0</subfield>
    <subfield code="1">0</subfield>
    <subfield code="2">ddc</subfield>
    <subfield code="4">0</subfield>
    <subfield code="7">0</subfield>
    <subfield code="a">FD</subfield>
    <subfield code="b">FD</subfield>
    <subfield code="d">2013-01-24</subfield>
    <subfield code="e">AHUJA BOOK .CO.NEW DELHI</subfield>
    <subfield code="g">395.00</subfield>
    <subfield code="h">1</subfield>
    <subfield code="i">SGTU</subfield>
    <subfield code="l">64</subfield>
    <subfield code="o">617.601 P2012M</subfield>
    <subfield code="p">FD6837</subfield>
    <subfield code="r">2025-08-12 00:00:00</subfield>
    <subfield code="s">2025-08-12</subfield>
    <subfield code="w">2013-08-17</subfield>
    <subfield code="y">BK</subfield>
    <subfield code="k">3108</subfield>
  </datafield>
  <datafield tag="999" ind1=" " ind2=" ">
    <subfield code="c">4800</subfield>
    <subfield code="d">4800</subfield>
  </datafield>
</record>
